My favourite rhymes to share
| Other Authors: | |
|---|---|
| Format: | Book |
| Published: |
London :
Ladybird Book Ltd
|
| Subjects: |
MARC
| LEADER | 00000cam a2200000 7i4500 | ||
|---|---|---|---|
| 001 | 0000033770 | ||
| 005 | 20220105104117.0 | ||
| 008 | 120925 | ||
| 020 | |a 1409300090 | ||
| 090 | 0 | 0 | |a JP |b EL ENG |
| 245 | 1 | 0 | |a My favourite rhymes to share |
| 260 | |a London : |b Ladybird Book Ltd | ||
| 500 | |a Children age 4-6 years old (yellow) | ||
| 650 | 0 | |a Rhymes |x juvenile literature | |
| 700 | 1 | |a Latimer, Miriam | |
| 999 | |a 0001157979 |b Book |c Children Collection |e Perbadanan Perpustakaan Awam Johor | ||